Vista normal
Vista MARC
Entrada Corporate Name
Número de registros utilizados en: 1
001 - CONTROL NUMBER
- control field: 37585
003 - CONTROL NUMBER IDENTIFIER
- control field: OSt
005 - DATE AND TIME OF LATEST TRANSACTION
- control field: 20210513085914.0
008 - FIXED-LENGTH DATA ELEMENTS
- fixed length control field: 210513|| aca||aabn | a|a d
040 ## - CATALOGING SOURCE
- Original cataloging agency: OSt
- Transcribing agency: OSt
110 ## - HEADING--CORPORATE NAME
- Corporate name or jurisdiction name as entry element: Escuela Superior de Administración Pública
670 ## - SOURCE DATA FOUND
- Source citation: Work cat.: (OSt)7637: 15013, La reforma tributaria de 1960 : , 1960